书目信息 |
| 书名: | PLAN OF ATTACK | |
| 作者: | DALE BROWN. | |
| 分册号: | ||
| 分册名: | 出版地: | New York : |
|
| 出版社: | HARPER | |
| 出版时间: | 2008. | |
| 页数: | 444P ; | |
| 开本: | 20cm. | |
| 丛书名: | ||
| 中图分类号: | ||
| 科图分类号: | ||
| 其他分类号: | I712.45 | |
| 主题词: | ||
| 电子资源: | ||
| 000 | 00551nam0 2200217 450 | |
| 001 | 012012178841 | |
| 005 | 20121112180305.76 | |
| 008 | 20021229d1997 em y0chiy0121 ea | |
| 020 | @a978-0-06-050292-8 :@c$7.99. | |
| 041 | @achi | |
| 091 | @aI712.45 | |
| 099 | @aI712.45@b638@dI712.45@e1 | |
| 099 | @dI712.45@eD1392 | |
| 100 | @aDALE BROWN | |
| 245 | 10 | @aPLAN OF ATTACK / @cDALE BROWN. |
| 260 | @aNew York :@bHARPER,@c2008. | |
| 300 | @a444P ;@c20cm. | |
| 521 | @aPLAN OF ATTACK | |
| 650 | 0 | @a文学 |
| 905 | @b6630-1 | |
| 905 | @aTSG@dI712.45@eD1392 | |
| PLAN OF ATTACK / / DALE BROWN.-New York : : HARPER, , 2008. |
| 444P ; ; 20cm. |
| PLAN OF ATTACK |
| ISBN 978-0-06-050292-8 :$7.99. |
| ● |
| 相关链接 |
|
|
|
正题名:PLAN OF ATTACK
索取号:I712.45/D1392
 
预约/预借
| 序号 | 登录号 | 条形码 | 馆藏地/架位号 | 状态 | 备注 |
| 1 | 6630 | 300066309 | 文学库116/ [索取号:I712.45/1] | 在馆 | |
| 2 | 6631 | 300066318 | 文学库116/ [索取号:I712.45/1] | 在馆 |